01689nam a2200409Ia 4500001001200000003000800012006001900020007001500039008004100054010001700095020003900112020003900151040002100190035002100211050002600232082001700258100003900275245011100314260005600425300001700481504005100498533015200549650005900701650004500760650002600805650004800831650004100879650003800920650004100958650002800999650003301027650002801060655002901088710001701117856012601134999001901260ebr10343486CaPaEBRm u cr cn|||||||||081031s2009 cau sb s001 0 eng d z 2008047712 z9780520257306 (cloth : alk. paper) z9780520257313 (paper : alk. paper) aCaPaEBRcCaPaEBR a(OCoLC)64684680314aE169.12b.C293 2009eb04a909.82/52221 aCarruthers, Susan L.q(Susan Lisa)10aCold War captivesh[electronic resource] :bimprisonment, escape, and brainwashing /cSusan L. Carruthers. aBerkeley :bUniversity of California Press,cc2009. axiii, 335 p. aIncludes bibliographical references and index. aElectronic reproduction.bPalo Alto, Calif. :cebrary,d2010.nAvailable via World Wide Web.nAccess may be limited to ebrary affiliated libraries. 0aPopular culturezUnited StatesxHistoryy20th century. 0aCold WarxSocial aspectszUnited States. 0aCaptivity narratives. 0aPolitical prisonersxHistoryy20th century. 0aRepatriationxHistoryy20th century. 0aDefectionxHistoryy20th century. 0aBrainwashingxHistoryy20th century. 0aCold War in mass media. 0aCold War in motion pictures. 0aCold War in literature. 7aElectronic books.2local2 aebrary, Inc.40uhttp://site.ebrary.com/lib/rucke/Doc?id=10343486zAn electronic book accessible through the World Wide Web; click to view c163469d163469